000 00292nam a22001097a 4500
999 _c4150
_d4150
008 250122b ||||| |||| 00| 0 eng d
020 _a9781508149880
082 _a972 MAH
100 _aIAN MAHANEY
_eMAHANEY,IAN
245 _aLIFE AMONG THE MAYA
942 _2ddc
_h972 MAH